[Event "World Amateur-ch U2000"]
[Site "Cagliari"]
[Date "2018.04.26"]
[Round "6"]
[White "Kostov, Deyan Samuil"]
[Black "Serra, Emanuele"]
[Result "1-0"]
[WhiteElo "1916"]
[BlackElo "1844"]
[PlyCount "83"]
[EventDate "2018.04.22"]
[EventType "swiss"]
[EventRounds "9"]
[EventCountry "ITA"]
[SourceTitle "CBM 184 Extra"]
[Source "ChessBase"]
[SourceDate "2018.06.28"]
[SourceVersion "1"]
[SourceVersionDate "2018.06.28"]
[SourceQuality "1"]

1. d4 d5 2. Bf4 Nf6 3. e3 Bf5 4. c4 e6 5. Nc3 Bd6 6. Bg3 c6 7. Bxd6 Qxd6 8. Qb3 Nbd7 9. Nf3 0-0 10. Be2 a6 11. Nh4 Bg6 12. Nxg6 hxg6 13. 0-0 b5 14. c5 Qc7 15. f4 Ne4 16. Nxe4 dxe4 17. Bd1 Rfe8 18. g4 f5 19. g5 Kf7 20. Rf2 Rh8 21. Bc2 Rh3 22. Raf1 Rah8 23. a3 Ke7 24. Qc3 R8h7 25. b4 Qd8 26. Bb3 Qh8 27. Qd2 Rg3+ 28. Kh1 Rhh3 29. Re1 Qh4 30. Bd1 Qh8 31. a4 Rh7 32. a5 Rgh3 33. Bb3 Qd8 34. Rd1 Rh8 35. Qc3 Qg8 36. Rdd2 R8h4 37. d5 cxd5 38. c6 Qc8 39. Qxg7+ Kd6 40. cxd7 Qxd7 41. Qe5+ Kc6 42. Qb8 1-0

[Event "Porto Mannu op 5th"]
[Site "Porto Mannu"]
[Date "2013.06.06"]
[Round "7"]
[White "Serra, Emanuele"]
[Black "Lanzani, Mario"]
[Result "0-1"]
[WhiteElo "1903"]
[BlackElo "2303"]
[PlyCount "54"]
[EventDate "2013.06.01"]
[EventType "swiss"]
[EventRounds "9"]
[EventCountry "ITA"]
[SourceTitle "CBM 154 Extra"]
[Source "ChessBase"]
[SourceDate "2013.06.25"]
[SourceVersion "2"]
[SourceVersionDate "2013.06.25"]
[SourceQuality "1"]

1. f4 Nf6 2. Nf3 g6 3. b3 Bg7 4. Bb2 0-0 5. e3 d6 6. Be2 c5 7. 0-0 Nc6 8. Nc3 e5 9. fxe5 dxe5 10. e4 Nd4 11. Kh1 b6 12. Bc4 Bg4 13. Be2 h5 14. Rc1 Qd6 15. Nxd4 exd4 16. Nb5 Qd7 17. Bxg4 hxg4 18. e5 Nh5 19. Nd6 Bxe5 20. Nc4 Bc7 21. Qe1 g3 22. Rf3 Rae8 23. Qf1 gxh2 24. Qd3 Qg4 25. Rb1 Ng3+ 26. Rxg3 Qxg3 27. Qf1 Re6 0-1

[Event "Porto Mannu op 5th"]
[Site "Porto Mannu"]
[Date "2013.06.04"]
[Round "4"]
[White "Serra, Emanuele"]
[Black "Sprotte, Norbert"]
[Result "0-1"]
[WhiteElo "1903"]
[BlackElo "2144"]
[PlyCount "110"]
[EventDate "2013.06.01"]
[EventType "swiss"]
[EventRounds "9"]
[EventCountry "ITA"]
[SourceTitle "CBM 154 Extra"]
[Source "ChessBase"]
[SourceDate "2013.06.25"]
[SourceVersion "2"]
[SourceVersionDate "2013.06.25"]
[SourceQuality "1"]

1. c4 e6 2. Nc3 Nf6 3. g3 c5 4. Bg2 Nc6 5. d3 Be7 6. e4 d6 7. Nge2 a6 8. f4 Qc7 9. 0-0 Rb8 10. h3 b5 11. g4 Nd7 12. Qe1 Nd4 13. Qf2 Nxe2+ 14. Qxe2 b4 15. Nd1 Bb7 16. Ne3 Nb6 17. f5 e5 18. f6 Bxf6 19. Nf5 0-0 20. g5 Bd8 21. h4 Nc8 22. h5 Ne7 23. Nh4 Nc6 24. Be3 Nd4 25. Bxd4 cxd4 26. Qg4 Qe7 27. Rf6 Bc8 28. Qg3 Qd7 29. Rf5 g6 30. hxg6 hxg6 31. Bh3 Qe8 32. Rf2 Bxh3 33. Qxh3 Qe6 34. Qxe6 fxe6 35. Rxf8+ Kxf8 36. Nxg6+ Kg7 37. Nh4 Bxg5 38. Ng2 b3 39. axb3 Rxb3 40. Rxa6 Rxb2 41. Rxd6 Kf6 42. Ra6 Rb3 43. Ra2 Rxd3 44. Rc2 Ra3 45. Kf2 d3 46. Rb2 d2 47. Rb1 Rc3 48. Rd1 Rc1 49. Ke2 Rxd1 50. Kxd1 Ke7 51. Nh4 Bxh4 52. Kxd2 Kd6 53. Ke3 Kc5 54. Kd3 Be1 55. Ke2 Bc3 0-1